Deutschland: Geografie mit F - Statistiken

Allgemein
  • Dieses Quiz wurde 612 mal gespielt
  • Das Durchschnittsergebnis liegt bei 10 aus 16
Antwortstatistiken
Hinweis Antwort % Korrekt
An der Oder oder am Main? Die bekannteste Namensdopplung deutscher Städte Frankfurt
100%
Stadt ganz im Norden Deutschlands, in der die "Punkte" von Verkehrssündern gespeichert werden Flensburg
90%
Region in Nordbayern mit Nürnberg als größter Stadt, in der man sich gelegentlich gern vom restlichen Bayern distanziert Franken
80%
Die Altstadt dieser südwestdeutschen Großstadt ist bekannt für das Münster und die kleinen Wasserläufe in den Straßen, die sogenannten Bächle Freiburg
80%
Sowohl die größte Kirche Münchens als auch eine bis 2005 wiederaufgebaute Kirche in der Dresdner Altstadt tragen diesen Namen Frauenkirche
79%
Hessischer Fluss, der unter anderem durch die gleichnamige Stadt und durch Kassel fließt Fulda
79%
1835 fuhr zwischen Nürnberg und dieser Stadt die erste Eisenbahn Deutschlands Fürth
72%
Diese Stadt am Bodensee war das Zentrum der Zeppelin-Industrie Friedrichshafen
62%
Stadt im Ostallgäu, in deren Nähe sich das Schloss Neuschwanstein befindet Füssen
62%
Nordfriesische Insel, die die größte und bevölkerungsreichste deutsche Insel ohne Landverbindung ist Föhr
59%
Gebirge im Nordosten Bayerns, in dem der Main und die Saale entspringen {Fichtel}gebirge
57%
Berliner Stadtteil, der seit 2001 zusammen mit Kreuzberg einen Bezirk bildet Friedrichshain
52%
19 Kilometer breite Wasserstraße der Ostsee zwischen Deutschland und Dänemark, unter der seit 2021 ein Tunnel gebaut wird {Fehmarn}belt
49%
Mit 1493 Metern ist dieser Berg im Schwarzwald der höchste deutsche Berg außerhalb der Alpen Feldberg
47%
Hamburger Stadtteil, in dem sich der Flughafen und eine Justizvollzugsanstalt befinden {Fuhls}büttel
39%
Im 16. Jahrhundert entstandene Sozialsiedlung in Augsburg, in der bis heute Bedürftige für eine symbolische Miete leben Fuggerei
24%
Keine übereinstimmenden Quizze gefunden
Verteilung der Resultate
Anzahl Personen mit jedem Resultat
Perzentil nach korrekt beantworteten Fragen
Ihre Resultats-Entwicklung
Sie haben dieses Quiz noch nicht gespielt